[Event "18. Obert Int. Sant Marti 2016"]
[Site "Barcelona ESP"]
[Date "2016.07.20"]
[Round "8.33"]
[White "Vehi Bach, Victor Manuel"]
[Black "Rendboe, John"]
[Result "1-0"]
[WhiteElo "2298"]
[BlackElo "2183"]
[PlyCount "85"]
[EventDate "2016.07.13"]
[EventType "swiss"]
[EventRounds "9"]
[EventCountry "ESP"]
[SourceTitle "Ajedrez en Madrid"]
[Source "lmi"]
[SourceDate "2016.07.13"]
[SourceVersion "1"]
[SourceVersionDate "2019.06.21"]
[SourceQuality "1"]

1. e4 c5 2. Nc3 Nc6 3. Nge2 g6 4. d4 cxd4 5. Nxd4 Bg7 6. Be3 Nf6 7. Bc4 Qa5 8.
O-O O-O 9. Bb3 d6 10. h3 a6 11. Re1 Qc7 12. Nd5 Nxd5 13. exd5 Na5 14. Qe2 Bd7
15. c3 Nxb3 16. axb3 Rae8 17. Qd2 e5 18. dxe6 fxe6 19. Rad1 e5 20. Nc2 Be6 21.
c4 Rd8 22. Nb4 Qf7 23. Bb6 Rd7 24. Nd5 h5 25. Re2 Kh7 26. Be3 Rb8 27. Qa5 Bh6
28. Bxh6 Kxh6 29. Qb6 Kg7 30. Red2 Rbd8 31. Qb4 Rf8 32. Nb6 Rdd8 33. Qc3 Kh7
34. Qe3 Qc7 35. Nd5 Qf7 36. Nc3 Bf5 37. Rxd6 Rxd6 38. Rxd6 b5 39. Rxa6 bxc4 40.
Ra7 Bd7 41. Qd2 Rd8 42. Ne4 Kh8 43. Nc5 1-0

[Event "18. Obert Int. Sant Marti 2016"]
[Site "Barcelona ESP"]
[Date "2016.07.20"]
[Round "8.34"]
[White "Martin Perez, Laura"]
[Black "Garcia Trobat, Francisco"]
[Result "1-0"]
[WhiteElo "2104"]
[BlackElo "2269"]
[PlyCount "67"]
[EventDate "2016.07.13"]
[EventType "swiss"]
[EventRounds "9"]
[EventCountry "ESP"]
[SourceTitle "Ajedrez en Madrid"]
[Source "lmi"]
[SourceDate "2016.07.13"]
[SourceVersion "1"]
[SourceVersionDate "2019.06.21"]
[SourceQuality "1"]

1. e4 c5 2. Nf3 d6 3. d4 cxd4 4. Nxd4 Nf6 5. Nc3 Nc6 6. f3 e5 7. Nb3 Be6 8. Bg5
Be7 9. Qd2 O-O 10. O-O-O a5 11. Kb1 a4 12. Nc1 Ra5 13. Bxf6 gxf6 14. Nd5 Bxd5
15. exd5 Nd4 16. c3 Nf5 17. Bd3 Ng7 18. g4 f5 19. h4 a3 20. b3 Rxd5 21. gxf5
Bf6 22. c4 Rc5 23. Be4 d5 24. cxd5 Qc8 25. Nd3 Rb5 26. Rc1 Qd7 27. Qh6 Qd8 28.
Rhg1 Kh8 29. Nf2 Qb6 30. Rc2 Rd8 31. Rg2 Rxb3+ 32. axb3 Nxf5 33. Bxf5 a2+ 34.
Rxa2 1-0

[Event "18. Obert Int. Sant Marti 2016"]
[Site "Barcelona ESP"]
[Date "2016.07.20"]
[Round "8.35"]
[White "Dahale, Atul"]
[Black "Ibanez Aullana, Ramon"]
[Result "0-1"]
[WhiteElo "2079"]
[BlackElo "2258"]
[PlyCount "38"]
[EventDate "2016.07.13"]
[EventType "swiss"]
[EventRounds "9"]
[EventCountry "ESP"]
[SourceTitle "Ajedrez en Madrid"]
[Source "lmi"]
[SourceDate "2016.07.13"]
[SourceVersion "1"]
[SourceVersionDate "2019.06.21"]
[SourceQuality "1"]

1. d4 Nf6 2. c4 e6 3. Nc3 Bb4 4. e3 c5 5. Nge2 cxd4 6. exd4 O-O 7. a3 Be7 8. g3
Qc7 9. Qd3 d6 10. Bg2 Nbd7 11. O-O a6 12. b4 Rb8 13. f4 Rd8 14. Bb2 Nb6 15. Ne4
Nxc4 16. Rac1 b5 17. Nd2 Nxb2 18. Rxc7 Nxd3 19. Rxe7 Bd7 0-1

[Event "18. Obert Int. Sant Marti 2016"]
[Site "Barcelona ESP"]
[Date "2016.07.20"]
[Round "8.36"]
[White "Martorell Aguado, Joan"]
[Black "Mulay, Pratik"]
[Result "0-1"]
[WhiteElo "2219"]
[BlackElo "1983"]
[PlyCount "92"]
[EventDate "2016.07.13"]
[EventType "swiss"]
[EventRounds "9"]
[EventCountry "ESP"]
[SourceTitle "Ajedrez en Madrid"]
[Source "lmi"]
[SourceDate "2016.07.13"]
[SourceVersion "1"]
[SourceVersionDate "2019.06.21"]
[SourceQuality "1"]

1. c4 d6 2. Nc3 g6 3. g3 Bg7 4. Bg2 Nf6 5. e3 Nc6 6. Nge2 O-O 7. O-O e5 8. d3
Be6 9. Nd5 Qd7 10. Rb1 Ne8 11. b4 Nd8 12. b5 c6 13. bxc6 bxc6 14. Ndc3 Bh3 15.
Ba3 Bxg2 16. Kxg2 f5 17. f4 Nf7 18. Qb3 Kh8 19. h3 Nc7 20. Qa4 exf4 21. gxf4
Rfe8 22. e4 g5 23. Qa5 fxe4 24. Nxe4 d5 25. N4g3 gxf4 26. Nxf4 Ne6 27. Nfh5
Neg5 28. Rf5 Re2+ 29. Kf1 dxc4 30. Nxe2 Qxd3 31. Rb7 Qxh3+ 32. Ke1 Qxh5 33. Qc5
Qh4+ 34. Qf2 Qh1+ 35. Ng1 Qe4+ 36. Ne2 Qh1+ 37. Qf1 Qh4+ 38. Kd1 Rd8+ 39. Kc1
Qe4 40. Rfxf7 Qe3+ 41. Kb1 Qd3+ 42. Kc1 Qd2+ 43. Kb1 Qd3+ 44. Kc1 Qxa3+ 45. Kb1
Qd3+ 46. Kc1 Nxf7 0-1

[Event "18. Obert Int. Sant Marti 2016"]
[Site "Barcelona ESP"]
[Date "2016.07.20"]
[Round "8.38"]
[White "Brzezinski, Adam"]
[Black "Dardha, Daniel"]
[Result "0-1"]
[WhiteElo "2208"]
[BlackElo "2035"]
[PlyCount "42"]
[EventDate "2016.07.13"]
[EventType "swiss"]
[EventRounds "9"]
[EventCountry "ESP"]
[SourceTitle "Ajedrez en Madrid"]
[Source "lmi"]
[SourceDate "2016.07.13"]
[SourceVersion "1"]
[SourceVersionDate "2019.06.21"]
[SourceQuality "1"]

1. d4 Nf6 2. c4 e6 3. Nc3 Bb4 4. e3 O-O 5. Nge2 Re8 6. a3 Bf8 7. f3 d5 8. Ng3
c5 9. dxc5 Bxc5 10. b4 Bb6 11. Na4 Bc7 12. Bb2 Nc6 13. Qc2 Bd7 14. Nc5 a5 15.
Nxd7 Nxd7 16. b5 Nce5 17. c5 Rc8 18. f4 Ng4 19. Qe2 Qh4 20. Rc1 e5 21. Kd2 exf4
0-1

[Event "18. Obert Int. Sant Marti 2016"]
[Site "Barcelona ESP"]
[Date "2016.07.20"]
[Round "8.39"]
[White "Yashas, D.."]
[Black "Noordhoek, Henk"]
[Result "1-0"]
[WhiteElo "2201"]
[BlackElo "1976"]
[PlyCount "59"]
[EventDate "2016.07.13"]
[EventType "swiss"]
[EventRounds "9"]
[EventCountry "ESP"]
[SourceTitle "Ajedrez en Madrid"]
[Source "lmi"]
[SourceDate "2016.07.13"]
[SourceVersion "1"]
[SourceVersionDate "2019.06.21"]
[SourceQuality "1"]

1. b3 e5 2. Bb2 Nc6 3. e3 d5 4. Bb5 Bd6 5. Nf3 f6 6. c4 Nge7 7. Nc3 dxc4 8.
Bxc4 a6 9. d4 exd4 10. Nxd4 Nxd4 11. Qxd4 b5 12. Be2 Bb7 13. Ne4 Be5 14. Qxd8+
Rxd8 15. Bxe5 fxe5 16. Nc5 Bc8 17. a4 c6 18. axb5 axb5 19. Ra7 Rf8 20. Bh5+ g6
21. Bf3 Rf6 22. O-O Rfd6 23. h3 Rd2 24. Rfa1 Bf5 25. Rc7 Rc8 26. Rb7 g5 27.
Raa7 Ng8 28. Bh5+ Bg6 29. Rg7 Nf6 30. Rae7+ 1-0

[Event "18. Obert Int. Sant Marti 2016"]
[Site "Barcelona ESP"]
[Date "2016.07.20"]
[Round "8.40"]
[White "Mendonca, Leon Luke"]
[Black "Gavrish, Leonid"]
[Result "0-1"]
[WhiteElo "1964"]
[BlackElo "2158"]
[PlyCount "118"]
[EventDate "2016.07.13"]
[EventType "swiss"]
[EventRounds "9"]
[EventCountry "ESP"]
[SourceTitle "Ajedrez en Madrid"]
[Source "lmi"]
[SourceDate "2016.07.13"]
[SourceVersion "1"]
[SourceVersionDate "2019.06.21"]
[SourceQuality "1"]

1. Nf3 Nf6 2. d4 c5 3. c3 b6 4. g3 Bb7 5. Bg2 g6 6. O-O Bg7 7. Bg5 O-O 8. Nbd2
d6 9. Bxf6 Bxf6 10. e3 Nd7 11. Re1 Qc7 12. Qe2 Rab8 13. Qd3 b5 14. e4 e6 15. h4
Bc6 16. h5 b4 17. c4 cxd4 18. Nxd4 Ne5 19. Qc2 Bd7 20. N4f3 Ng4 21. hxg6 hxg6
22. Nh2 Nxh2 23. Kxh2 Qc5 24. Kg1 Kg7 25. Bf3 a5 26. Kg2 a4 27. Rab1 Rfc8 28.
Qd3 Bd4 29. Rf1 e5 30. Be2 Rh8 31. g4 Rh4 32. f3 Rbh8 33. Rh1 Rxh1 34. Rxh1
Rxh1 35. Kxh1 Bxb2 36. Kg2 Bc3 37. Kf1 Be6 38. Kg2 Bd4 39. Bd1 Bd7 40. Bc2 Qc8
41. Qe2 Qh8 42. Qe1 Bc3 43. Qe2 Qh6 44. Nb1 Bd4 45. Nd2 Qg5 46. Kh3 Be3 47. Nf1
Bf4 48. Qd1 f5 49. Bxa4 fxg4+ 50. fxg4 Qh5+ 51. Kg2 Bxg4 52. Qxd6 Qh3+ 53. Kg1
Be3+ 54. Nxe3 Qxe3+ 55. Kg2 Bf3+ 56. Kg3 Bxe4+ 57. Kh4 Qf2+ 58. Kg4 Bf5+ 59.
Kg5 Qf4# 0-1

[Event "18. Obert Int. Sant Marti 2016"]
[Site "Barcelona ESP"]
[Date "2016.07.20"]
[Round "8.41"]
[White "Ivana Maria, Furtado"]
[Black "Afshar, Niusha"]
[Result "1-0"]
[WhiteElo "2188"]
[BlackElo "1971"]
[PlyCount "125"]
[EventDate "2016.07.13"]
[EventType "swiss"]
[EventRounds "9"]
[EventCountry "ESP"]
[SourceTitle "Ajedrez en Madrid"]
[Source "lmi"]
[SourceDate "2016.07.13"]
[SourceVersion "1"]
[SourceVersionDate "2019.06.21"]
[SourceQuality "1"]

1. d4 Nf6 2. Nc3 d5 3. Qd3 Nc6 4. Bg5 a6 5. Bxf6 exf6 6. O-O-O Bb4 7. e4 Bxc3
8. Qxc3 dxe4 9. f3 exf3 10. Nxf3 O-O 11. Bc4 Qd6 12. Rhe1 b5 13. Bb3 a5 14. Qc5
Qxc5 15. dxc5 Ra6 16. a4 bxa4 17. Bxa4 Nd8 18. Nd4 Ne6 19. Nb3 Bb7 20. Bb5 Raa8
21. c6 Ba6 22. Ba4 Bc4 23. Re4 Bxb3 24. Bxb3 Rfd8 25. Rde1 Rd6 26. Bxe6 fxe6
27. Rxe6 Rxe6 28. Rxe6 Kf7 29. Re3 Ra6 30. Ra3 Rxc6 31. Rxa5 Ke6 32. b3 f5 33.
c4 h6 34. Kc2 g5 35. Kc3 f4 36. b4 Kd7 37. h4 gxh4 38. Rf5 Rg6 39. Rxf4 Rxg2
40. Rxh4 Rg6 41. b5 c6 42. Kb4 Kc7 43. Kc5 Kb7 44. Rf4 Rg7 45. Rf6 cxb5 46.
Kxb5 Rh7 47. c5 h5 48. c6+ Ka7 49. Rf4 h4 50. Ra4+ Kb8 51. Kb6 h3 52. Rf4 Rh8
53. Ra4 Rh7 54. Re4 Rh8 55. Ra4 Rh7 56. Re4 Rh8 57. Ra4 Rh7 58. Rg4 Rh8 59. Rg7
h2 60. Rb7+ Ka8 61. Ra7+ Kb8 62. c7+ Kc8 63. Ra8+ 1-0

[Event "18. Obert Int. Sant Marti 2016"]
[Site "Barcelona ESP"]
[Date "2016.07.20"]
[Round "8.42"]
[White "Prieto, Ernesto"]
[Black "Snehal, Bhosale"]
[Result "0-1"]
[WhiteElo "2064"]
[BlackElo "2150"]
[PlyCount "60"]
[EventDate "2016.07.13"]
[EventType "swiss"]
[EventRounds "9"]
[EventCountry "ESP"]
[SourceTitle "Ajedrez en Madrid"]
[Source "lmi"]
[SourceDate "2016.07.13"]
[SourceVersion "1"]
[SourceVersionDate "2019.06.21"]
[SourceQuality "1"]

1. e4 c5 2. Nf3 d6 3. d4 cxd4 4. Nxd4 Nf6 5. Nc3 Nc6 6. Bc4 e6 7. Bb3 Be7 8.
O-O O-O 9. Be3 a6 10. f4 Qc7 11. Kh1 b5 12. e5 dxe5 13. Nxc6 Qxc6 14. fxe5 Bb7
15. Rf2 Rad8 16. Qe2 Nd7 17. Bd4 Nc5 18. Bxc5 Bxc5 19. Rf3 Bd4 20. Raf1 b4 21.
Nd1 Qc5 22. Rd3 Qxe5 23. Qd2 Bb6 24. Re1 Rxd3 25. cxd3 Qh5 26. Ne3 Qh4 27. Nf1
Rd8 28. Qe2 Qd4 29. Ng3 Qxd3 30. Qg4 Qd2 0-1

[Event "18. Obert Int. Sant Marti 2016"]
[Site "Barcelona ESP"]
[Date "2016.07.20"]
[Round "8.43"]
[White "Asensio Linan, Teodoro"]
[Black "Tahay, Alexis"]
[Result "1-0"]
[WhiteElo "2050"]
[BlackElo "2119"]
[PlyCount "61"]
[EventDate "2016.07.13"]
[EventType "swiss"]
[EventRounds "9"]
[EventCountry "ESP"]
[SourceTitle "Ajedrez en Madrid"]
[Source "lmi"]
[SourceDate "2016.07.13"]
[SourceVersion "1"]
[SourceVersionDate "2019.06.21"]
[SourceQuality "1"]

1. e4 c5 2. Nf3 d6 3. Bc4 Nc6 4. c3 Nf6 5. d3 g6 6. O-O Bg7 7. Bb3 O-O 8. Re1
b5 9. h3 Bb7 10. Nbd2 Nd7 11. Nf1 b4 12. d4 bxc3 13. bxc3 cxd4 14. cxd4 Nc5 15.
Bd5 e6 16. Bg5 Ne7 17. dxc5 exd5 18. Rb1 Ba6 19. exd5 f6 20. Bf4 dxc5 21. d6
Nf5 22. Qd5+ Rf7 23. g4 Nxd6 24. Bxd6 Bf8 25. Re6 Rc8 26. Ne3 Be2 27. Nd2 c4
28. Ne4 Bf3 29. Rxf6 Bxe4 30. Qxf7+ Kh8 31. Rxg6 1-0

[Event "18. Obert Int. Sant Marti 2016"]
[Site "Barcelona ESP"]
[Date "2016.07.20"]
[Round "8.45"]
[White "Likhit, Chilukuri"]
[Black "Gil Quilez, Sonia"]
[Result "1-0"]
[WhiteElo "2030"]
[BlackElo "2085"]
[PlyCount "99"]
[EventDate "2016.07.13"]
[EventType "swiss"]
[EventRounds "9"]
[EventCountry "ESP"]
[SourceTitle "Ajedrez en Madrid"]
[Source "lmi"]
[SourceDate "2016.07.13"]
[SourceVersion "1"]
[SourceVersionDate "2019.06.21"]
[SourceQuality "1"]

1. e4 c6 2. d4 g6 3. Nc3 d5 4. e5 Bg7 5. f4 Nh6 6. Nf3 O-O 7. Bd3 Bf5 8. Be3
Qc8 9. h3 Na6 10. g4 Bxd3 11. Qxd3 f5 12. g5 Nf7 13. Ne2 Nd8 14. h4 Re8 15. h5
e6 16. Nh4 Kf7 17. Rc1 Qd7 18. Ng3 Rg8 19. Qe2 Bf8 20. hxg6+ hxg6 21. Nh5 Bb4+
22. c3 gxh5 23. Qxh5+ Kf8 24. cxb4 Qg7 25. a3 Ke7 26. g6 Kd7 27. Nxf5 Qxg6 28.
Qxg6 Rxg6 29. Rh7+ Ke8 30. Nd6+ Kf8 31. Kf2 Rg7 32. Rxg7 Kxg7 33. Nxb7 Nxb7 34.
Rxc6 Nxb4 35. axb4 Nd8 36. Rc7+ Kg6 37. Kf3 Rb8 38. Bd2 Rb7 39. Rxb7 Nxb7 40.
b5 Kf7 41. Bb4 Ke8 42. Bc5 Kd7 43. Bxa7 Na5 44. Bc5 Nc4 45. b4 Nd2+ 46. Kg4 Nf1
47. b6 Ne3+ 48. Kg5 Nf5 49. b7 Kc7 50. Kf6 1-0

[Event "18. Obert Int. Sant Marti 2016"]
[Site "Barcelona ESP"]
[Date "2016.07.20"]
[Round "8.46"]
[White "Perez Garcia, Adria"]
[Black "Jove Grau, Lluis"]
[Result "1/2-1/2"]
[WhiteElo "1984"]
[BlackElo "2077"]
[PlyCount "245"]
[EventDate "2016.07.13"]
[EventType "swiss"]
[EventRounds "9"]
[EventCountry "ESP"]
[SourceTitle "Ajedrez en Madrid"]
[Source "lmi"]
[SourceDate "2016.07.13"]
[SourceVersion "1"]
[SourceVersionDate "2019.06.21"]
[SourceQuality "1"]

1. e4 c5 2. c3 d5 3. exd5 Qxd5 4. d4 Nf6 5. Nf3 Nbd7 6. Be2 e6 7. Na3 a6 8. Nc2
cxd4 9. cxd4 b5 10. O-O Bb7 11. Bf4 Nb6 12. Re1 Be7 13. Bd3 O-O 14. Be5 Rac8
15. Ne3 Qd8 16. Ng5 h6 17. Nh3 Nc4 18. Bxc4 bxc4 19. Rc1 Qa5 20. Nf4 Nd7 21.
Nxc4 Qd8 22. Nd6 Rxc1 23. Qxc1 Ba8 24. Ne4 Nxe5 25. dxe5 Qa5 26. Nc3 Rc8 27.
Qe3 Bg5 28. h4 Bxh4 29. Qh3 Bg5 30. Nxe6 Bd2 31. Qg4 g6 32. Nf4 Rc4 33. Rd1
Qxe5 34. Nxg6 Rxg4 35. Nxe5 Rxg2+ 36. Kf1 Bxc3 37. Rd8+ Kg7 38. Rxa8 Rg5 39. f4
Rf5 40. bxc3 Rxf4+ 41. Kg2 Ra4 42. Ra7 Rxa2+ 43. Kg3 Re2 44. Rxf7+ Kg8 45. Rf6
Re3+ 46. Nf3 Rxc3 47. Rxa6 Kg7 48. Ra4 Kh7 49. Rf4 Ra3 50. Kh4 Ra5 51. Kg4 Kg7
52. Nh4 Rg5+ 53. Kf3 Ra5 54. Rb4 Rh5 55. Kg3 Ra5 56. Rb7+ Kh8 57. Ng6+ Kg8 58.
Nf4 Rg5+ 59. Kf3 Ra5 60. Rd7 Rf5 61. Ke4 Rf7 62. Rd6 Kh7 63. Ke5 Kg7 64. Nh5+
Kh7 65. Nf6+ Kg7 66. Kf5 Ra7 67. Nh5+ Kh7 68. Kf6 Rb7 69. Nf4 Rg7 70. Rd1 Ra7
71. Ne6 Ra6 72. Rh1 Ra7 73. Ng5+ Kg8 74. Rxh6 Ra6+ 75. Ne6 Rb6 76. Rg6+ Kh8 77.
Rg1 Ra6 78. Re1 Rb6 79. Kf7 Rb7+ 80. Kg6 Rb6 81. Kh5 Kg8 82. Ng5 Kg7 83. Re7+
Kf6 84. Rh7 Ke5 85. Kg4 Rb4+ 86. Kf3 Rb3+ 87. Kg4 Rb4+ 88. Kh5 Rb5 89. Rf7 Ra5
90. Re7+ Kd4 91. Kg4 Ra1 92. Kf4 Rf1+ 93. Nf3+ Kd5 94. Ke3 Ra1 95. Rd7+ Kc5 96.
Rd2 Ra4 97. Ne5 Ra3+ 98. Nd3+ Kd5 99. Kf4 Ra4+ 100. Kf5 Rd4 101. Nf4+ Kc4 102.
Re2 Rd8 103. Ke5 Kc3 104. Nd5+ Kc4 105. Rc2+ Kd3 106. Rc3+ Kd2 107. Rh3 Ra8
108. Nb6 Rb8 109. Nc4+ Kc2 110. Nd6 Ra8 111. Kd4 Rd8 112. Kc5 Rg8 113. Kb4 Kd2
114. Kc4 Rg4+ 115. Kd5 Ke2 116. Nf5 Rg8 117. Ng3+ Kd2 118. Rh2+ Kd3 119. Nh5
Rd8+ 120. Ke6 Re8+ 121. Kd7 Ra8 122. Nf6 Ra6 123. Rh3+ 1/2-1/2

[Event "18. Obert Int. Sant Marti 2016"]
[Site "Barcelona ESP"]
[Date "2016.07.20"]
[Round "8.47"]
[White "Valls Marti, Artur"]
[Black "Kunal, Kakumanu"]
[Result "0-1"]
[WhiteElo "2133"]
[BlackElo "1903"]
[PlyCount "56"]
[EventDate "2016.07.13"]
[EventType "swiss"]
[EventRounds "9"]
[EventCountry "ESP"]
[SourceTitle "Ajedrez en Madrid"]
[Source "lmi"]
[SourceDate "2016.07.13"]
[SourceVersion "1"]
[SourceVersionDate "2019.06.21"]
[SourceQuality "1"]

1. f4 Nf6 2. e3 g6 3. b4 Bg7 4. Bb2 O-O 5. Nf3 d6 6. Be2 Nbd7 7. O-O b6 8. a4
c5 9. bxc5 bxc5 10. Na3 Rb8 11. Rb1 Bb7 12. c4 Bc6 13. Nb5 a6 14. Nc3 Qc7 15.
Qc2 Rb6 16. d4 Rfb8 17. Nd2 Bxg2 18. Kxg2 Qb7+ 19. Bf3 Rxb2 20. Qd3 Qc7 21. Nb5
Rxd2+ 22. Qxd2 axb5 23. cxb5 cxd4 24. Qxd4 Qc2+ 25. Kg1 Ng4 26. Bxg4 Bxd4 27.
exd4 Nf6 28. Bf3 Qxa4 0-1

[Event "18. Obert Int. Sant Marti 2016"]
[Site "Barcelona ESP"]
[Date "2016.07.20"]
[Round "8.48"]
[White "Suasnabar, Jesus"]
[Black "Carrasco Rodriguez, Jesus"]
[Result "0-1"]
[WhiteElo "1982"]
[BlackElo "2202"]
[PlyCount "120"]
[EventDate "2016.07.13"]
[EventType "swiss"]
[EventRounds "9"]
[EventCountry "ESP"]
[SourceTitle "Ajedrez en Madrid"]
[Source "lmi"]
[SourceDate "2016.07.13"]
[SourceVersion "1"]
[SourceVersionDate "2019.06.21"]
[SourceQuality "1"]

1. e4 c5 2. Nf3 d6 3. d4 cxd4 4. Nxd4 Nf6 5. f3 e5 6. Nb3 Be7 7. c4 O-O 8. Be3
b5 9. Nc3 bxc4 10. Bxc4 Bb7 11. O-O Nbd7 12. Nd5 Nxd5 13. Bxd5 Bxd5 14. Qxd5
Nf6 15. Qa5 d5 16. Rad1 Qxa5 17. Nxa5 d4 18. Nc6 Bd6 19. Bxd4 exd4 20. e5 Rac8
21. Rc1 Rxc6 22. Rxc6 Bxe5 23. Rfc1 Re8 24. Rc8 Kf8 25. Rxe8+ Nxe8 26. Rc8 Bc7
27. Ra8 Bb6 28. Kf1 Ke7 29. Ke2 Nd6 30. Kd3 Kd7 31. Rg8 Ne8 32. g4 h6 33. h4 f6
34. h5 Ke7 35. Rh8 Kf7 36. b3 Nc7 37. Rb8 Nd5 38. Rb7+ Ke6 39. Rxg7 Nb4+ 40.
Kd2 Nxa2 41. f4 Nc3 42. g5 Ne4+ 43. Kd3 Nf2+ 44. Kc4 d3 45. gxh6 d2 46. Rg1 Ng4
47. Rd1 Ne3+ 48. Kd3 Nxd1 49. h7 Ba5 50. h8=Q Nb2+ 51. Kc2 d1=Q+ 52. Kxb2 Qd2+
53. Ka3 Qb4+ 54. Kb2 Qd4+ 55. Ka2 Qd2+ 56. Ka3 Bb4+ 57. Ka4 Be7 58. Qg8+ Kd7
59. Qg4+ Kc7 60. f5 Kb6 0-1

[Event "18. Obert Int. Sant Marti 2016"]
[Site "Barcelona ESP"]
[Date "2016.07.20"]
[Round "8.49"]
[White "Bernat, Ernest"]
[Black "Chung, Mathilde"]
[Result "1/2-1/2"]
[WhiteElo "1942"]
[BlackElo "2169"]
[PlyCount "90"]
[EventDate "2016.07.13"]
[EventType "swiss"]
[EventRounds "9"]
[EventCountry "ESP"]
[SourceTitle "Ajedrez en Madrid"]
[Source "lmi"]
[SourceDate "2016.07.13"]
[SourceVersion "1"]
[SourceVersionDate "2019.06.21"]
[SourceQuality "1"]

1. e4 c5 2. Nf3 Nc6 3. d4 cxd4 4. Nxd4 Qb6 5. Nb3 Nf6 6. Nc3 e6 7. a3 d6 8. Be3
Qc7 9. Be2 a6 10. O-O b5 11. f4 Bb7 12. Bf3 Be7 13. Qd2 O-O 14. Qf2 b4 15. Bb6
Qc8 16. axb4 Nxb4 17. Na5 d5 18. Nxb7 Qxb7 19. exd5 exd5 20. Bd4 Rfd8 21. Rfe1
Rac8 22. Kh1 Rc4 23. Re2 Qd7 24. b3 Rc6 25. Rae1 Bf8 26. Be5 Ng4 27. Bxg4 Qxg4
28. Nd1 Rh6 29. g3 Nc6 30. Bb2 d4 31. Qg2 Qf5 32. Nf2 Nb4 33. Qe4 Qh5 34. Nd3
Re6 35. Qg2 Nxd3 36. cxd3 Rxe2 37. Qxe2 Qb5 38. Qc2 h6 39. Kg1 Qb7 40. Rc1 Qf3
41. Re1 h5 42. Re4 h4 43. Qe2 Qxe2 44. Rxe2 hxg3 45. hxg3 Bc5 1/2-1/2

[Event "18. Obert Int. Sant Marti 2016"]
[Site "Barcelona ESP"]
[Date "2016.07.20"]
[Round "8.50"]
[White "Garcia Marin, Guillem"]
[Black "Rojas Fernandez, Andres"]
[Result "0-1"]
[WhiteElo "2116"]
[BlackElo "2009"]
[PlyCount "54"]
[EventDate "2016.07.13"]
[EventType "swiss"]
[EventRounds "9"]
[EventCountry "ESP"]
[SourceTitle "Ajedrez en Madrid"]
[Source "lmi"]
[SourceDate "2016.07.13"]
[SourceVersion "1"]
[SourceVersionDate "2019.06.21"]
[SourceQuality "1"]

1. e4 e6 2. Nf3 d5 3. Nc3 Nf6 4. e5 Nfd7 5. d4 c5 6. Ne2 Nc6 7. c3 cxd4 8. cxd4
f6 9. exf6 Nxf6 10. Nc3 Bd6 11. Bd3 O-O 12. O-O e5 13. dxe5 Nxe5 14. Nxe5 Bxe5
15. Bg5 Bxh2+ 16. Kxh2 Qd6+ 17. g3 Bg4 18. Be2 Bxe2 19. Qxe2 Rae8 20. Bf4 Qd7
21. Qd3 d4 22. Ne2 Ng4+ 23. Kg2 g5 24. Qc4+ Rf7 25. Bd2 b5 26. Qd3 Ne5 27. Qxd4
Qb7+ 0-1

[Event "18. Obert Int. Sant Marti 2016"]
[Site "Barcelona ESP"]
[Date "2016.07.20"]
[Round "8.51"]
[White "Garcia Lopez, Nicolas"]
[Black "Molinero Martin, Joan"]
[Result "1/2-1/2"]
[WhiteElo "2069"]
[BlackElo "1995"]
[PlyCount "94"]
[EventDate "2016.07.13"]
[EventType "swiss"]
[EventRounds "9"]
[EventCountry "ESP"]
[SourceTitle "Ajedrez en Madrid"]
[Source "lmi"]
[SourceDate "2016.07.13"]
[SourceVersion "1"]
[SourceVersionDate "2019.06.21"]
[SourceQuality "1"]

1. e4 e5 2. Nc3 Nc6 3. f4 Bc5 4. fxe5 Bxg1 5. Rxg1 Nxe5 6. d4 Ng6 7. Qf3 d6 8.
Be3 Be6 9. O-O-O a6 10. Bd3 Qf6 11. Qe2 Nf4 12. Qd2 Nxd3+ 13. Qxd3 Qd8 14. Bf4
Ne7 15. Qg3 Ng6 16. Bg5 f6 17. Be3 Qd7 18. h4 Bg4 19. Rd2 h5 20. e5 O-O-O 21.
exf6 gxf6 22. Rf2 f5 23. Bg5 Rde8 24. Nd5 Qa4 25. Qc3 Qc6 26. Qxc6 bxc6 27. Nf6
Re6 28. Nxg4 fxg4 29. Rgf1 Ree8 30. Kd2 Rhf8 31. Rxf8 Nxf8 32. Rf5 Ng6 33. g3
Rf8 34. Rxf8+ Nxf8 35. Ke3 Kd7 36. Ke4 Ke6 37. c4 d5+ 38. cxd5+ cxd5+ 39. Kf4
Ng6+ 40. Ke3 Kd6 41. b4 Kc6 42. a4 Kb7 43. Kd3 Nf8 44. Ke3 Ng6 45. Bf6 Kc6 46.
Be5 Kb7 47. Bf4 Kc6 1/2-1/2

[Event "18. Obert Int. Sant Marti 2016"]
[Site "Barcelona ESP"]
[Date "2016.07.20"]
[Round "8.52"]
[White "Guix Torres, David"]
[Black "Castillo Dalmau, Albert"]
[Result "1/2-1/2"]
[WhiteElo "2052"]
[BlackElo "1998"]
[PlyCount "84"]
[EventDate "2016.07.13"]
[EventType "swiss"]
[EventRounds "9"]
[EventCountry "ESP"]
[SourceTitle "Ajedrez en Madrid"]
[Source "lmi"]
[SourceDate "2016.07.13"]
[SourceVersion "1"]
[SourceVersionDate "2019.06.21"]
[SourceQuality "1"]

1. e4 c5 2. d4 cxd4 3. Nf3 e6 4. Nxd4 Nc6 5. Nc3 Qc7 6. g3 a6 7. Bg2 Nf6 8. O-O
Nxd4 9. Qxd4 Bc5 10. Bf4 d6 11. Qd2 h6 12. Rad1 e5 13. Be3 Be6 14. Bxc5 dxc5
15. Qd6 Rc8 16. h3 Qxd6 17. Rxd6 Nd7 18. Rfd1 Ke7 19. f4 Rhd8 20. Kf2 f6 21. b3
Nb8 22. Rxd8 Rxd8 23. Rxd8 Kxd8 24. Nd5 Nc6 25. c3 Kd7 26. Ke3 Kd6 27. h4 Ne7
28. Nxe7 Kxe7 29. Bf1 Kd6 30. Bd3 Bf7 31. f5 Be8 32. g4 b5 33. a3 a5 34. b4
axb4 35. axb4 c4 36. Be2 Ke7 37. Kf2 Bc6 38. Bf3 Kf7 39. Kg3 Bb7 40. Kf2 Bc6
41. Kg3 Bb7 42. Kf2 Bc6 1/2-1/2

[Event "18. Obert Int. Sant Marti 2016"]
[Site "Barcelona ESP"]
[Date "2016.07.20"]
[Round "8.53"]
[White "Rakshitta, Ravi"]
[Black "Marchador Villalba, Jordi"]
[Result "1-0"]
[WhiteElo "1716"]
[BlackElo "2024"]
[PlyCount "89"]
[EventDate "2016.07.13"]
[EventType "swiss"]
[EventRounds "9"]
[EventCountry "ESP"]
[SourceTitle "Ajedrez en Madrid"]
[Source "lmi"]
[SourceDate "2016.07.13"]
[SourceVersion "1"]
[SourceVersionDate "2019.06.21"]
[SourceQuality "1"]

1. e4 Nf6 2. e5 Nd5 3. d4 d6 4. Nf3 Bg4 5. Be2 e6 6. h3 Bh5 7. c4 Nb6 8. exd6
cxd6 9. Nc3 Be7 10. d5 e5 11. g4 Bg6 12. h4 h5 13. g5 Na6 14. Be3 Rc8 15. Nd2
Nc5 16. Bxc5 Rxc5 17. Nde4 Rc8 18. c5 dxc5 19. d6 Bxe4 20. Nxe4 Bf8 21. Bb5+
Nd7 22. Qd5 Qa5+ 23. Nc3 Qb4 24. Bxd7+ Kxd7 25. Qxf7+ Kc6 26. d7 Rd8 27. Qe6+
Bd6 28. O-O-O Rxd7 29. Rhe1 Rhd8 30. Nd5 Qg4 31. Qg6 b6 32. Re4 Qf3 33. Re3 Qg4
34. Red3 Kb7 35. Ne3 Qxh4 36. Nf5 Qa4 37. Nxd6+ Kb8 38. Kb1 c4 39. Rd5 c3 40.
bxc3 Qc6 41. Qd3 h4 42. c4 h3 43. Nf7 Rxf7 44. Rxd8+ Kc7 45. Qxh3 1-0